|
|
|
|
| LEADER |
00000nab a2200000uu 4500 |
| 001 |
vtls010902841 |
| 003 |
SK-MaSNL |
| 005 |
20260303142337.0 |
| 008 |
230222|2011 xo |||||||||||||||||slo| |
| 015 |
|
|
|a SNBRB
|
| 035 |
|
|
|a (urnnbn)urn:nbn:sk:snk:ar-a07pkq
|
| 035 |
|
|
|a (uuid)aa752f62-8aa0-49a4-9eea-76e3c592f6c1
|
| 035 |
|
|
|a urn:nbn:sk:snk-ab8u0f
|
| 040 |
|
|
|a SNKBUCL
|b slo
|c SNKBUCL
|e AACR2
|
| 041 |
0 |
|
|a slo
|
| 044 |
|
|
|a xo
|c SK
|
| 100 |
1 |
|
|a Bradová, Katarína
|4 aut
|9 749418
|
| 245 |
1 |
0 |
|a ZÁŠKOLÁCTVO - JEDEN ZO SOCIÁLNO-PATOLOGICKÝCH JAVOV V ŠKOLSKOM PROSTREDÍ
|c Katarína Bradová
|
| 773 |
0 |
|
|t Prevencia : informačný bulletin zameraný na prevenciu sociálno-patologických javov v rezorte školstva
|g Roč. 10, č. 1 (2011), s. 20-27
|
| 954 |
|
|
|a odborná, vedecká literatúra pôvodná (slovenská)
|2 lita
|
| 958 |
|
|
|a OND
|
| 958 |
|
|
|a EUIPO
|
| 958 |
|
|
|a article10
|
| 999 |
|
|
|c 1982175
|d 1984105
|